Bioavailability, bioaccessibility and mobility of environmental contaminants / (Record no. 4705)
[ view plain ]
| 000 -LEADER | |
|---|---|
| fixed length control field | 01335cam a22003497a 4500 |
| 001 - CONTROL NUMBER | |
| control field | 4705 |
| 003 - CONTROL NUMBER IDENTIFIER | |
| rucl marc code | BD-RjUL |
| 005 - DATE AND TIME OF LATEST TRANSACTION | |
| control field | 20211208233936.0 |
| 008 - FIXED-LENGTH DATA ELEMENTS--GENERAL INFORMATION | |
| fixed length control field | 131223s2007 enka b 001 0 eng |
| 020 ## - INTERNATIONAL STANDARD BOOK NUMBER | |
| International Standard Book Number | 9780470025772 (hard) |
| International Standard Book Number | 0470025778 (hard) |
| International Standard Book Number | 0470025786 (pbk.) |
| International Standard Book Number | 9780470025789 (pbk.) |
| 035 ## - SYSTEM CONTROL NUMBER | |
| System control number | (BD-RjUL)4740 |
| 040 ## - CATALOGING SOURCE | |
| Original cataloging agency | UKM |
| Transcribing agency | UKM |
| Modifying agency | BAKER |
| -- | BWKUK |
| -- | YDXCP |
| -- | BTCTA |
| -- | IXA |
| -- | DLC |
| -- | BD-RjUL |
| Language of cataloging | eng |
| 041 ## - LANGUAGE CODE | |
| Language code of text/sound track or separate title | eng |
| 082 04 - DEWEY DECIMAL CLASSIFICATION NUMBER | |
| Classification number | 628.5 |
| Edition number | 22 |
| Author mark and year | DEB |
| 100 1# - MAIN ENTRY--PERSONAL NAME | |
| Personal name | Dean, John R. |
| 9 (RLIN) | 14833 |
| 245 10 - TITLE STATEMENT | |
| Title | Bioavailability, bioaccessibility and mobility of environmental contaminants / |
| Statement of responsibility, etc. | John R. Dean. |
| 260 ## - PUBLICATION, DISTRIBUTION, ETC. (IMPRINT) | |
| Place of publication, distribution, etc. | West Sussex, England : |
| Name of publisher, distributor, etc. | John Wiley, |
| Date of publication, distribution, etc. | c2007. |
| 300 ## - PHYSICAL DESCRIPTION | |
| Pagination | xxi, 292 p. : |
| Illustrations | ill. ; |
| Size | 23 cm. |
| 504 ## - BIBLIOGRAPHY, ETC. NOTE | |
| Bibliography, etc | Includes bibliographical references and index. |
| 650 #0 - SUBJECT ADDED ENTRY--TOPICAL TERM | |
| Topical term or geographic name as entry element | Pollutants. |
| 9 (RLIN) | 14835 |
| Topical term or geographic name as entry element | Bioavailability. |
| 9 (RLIN) | 14836 |
| 856 42 - ELECTRONIC LOCATION AND ACCESS | |
| Materials specified | Contributor biographical information |
| Uniform Resource Identifier | <a href="http://www.loc.gov/catdir/enhancements/fy0745/2007532774-b.html">http://www.loc.gov/catdir/enhancements/fy0745/2007532774-b.html</a> |
| Materials specified | Publisher description |
| Uniform Resource Identifier | <a href="http://www.loc.gov/catdir/enhancements/fy0745/2007532774-d.html">http://www.loc.gov/catdir/enhancements/fy0745/2007532774-d.html</a> |
| Materials specified | Table of contents only |
| Uniform Resource Identifier | <a href="http://www.loc.gov/catdir/enhancements/fy0745/2007532774-t.html">http://www.loc.gov/catdir/enhancements/fy0745/2007532774-t.html</a> |
| 942 ## - ADDED ENTRY ELEMENTS (KOHA) | |
| Source of classification or shelving scheme | Dewey Decimal Classification |
| Koha item type | Books |
| Lost status | Source of classification or shelving scheme | Damaged status | Not for loan | Collection code | Permanent Location | Current Location | Shelving location | Date acquired | Source of acquisition | Cost, normal purchase price | Total Checkouts | Full call number | Date last seen | Copy number | Koha item type |
|---|---|---|---|---|---|---|---|---|---|---|---|---|---|---|---|
| Dewey Decimal Classification | Non-fiction | Central Library, University of Rajshahi | Central Library, University of Rajshahi | 19/03/2011 | Paragon Enterprise | 39.95 | 628.5 DEB 2007 | 23/12/2013 | C-3 | Books | |||||
| Dewey Decimal Classification | Non-fiction | Central Library, University of Rajshahi | Central Library, University of Rajshahi | 13/10/2010 | Paragon Enterprise Lit., Dhaka | 70.00 | 628.5 DEB 2007 | 28/09/2016 | C-2 | Books | |||||
| Dewey Decimal Classification | Not For Loan | Non-fiction | Central Library, University of Rajshahi | Central Library, University of Rajshahi | Reading Room | 13/10/2010 | Dhaka, Paragon Enterprises Ltd. | 70.00 | 628.5 DEB 2007 | 28/12/2016 | C-1 | Books |